Płaza-Opacka, Dagmara. Po słońce i wodę. - Gdańsk : Oficyna Pomorska. - 2004 [Rezension]
| Titel: | Płaza-Opacka, Dagmara. Po słońce i wodę. - Gdańsk : Oficyna Pomorska. - 2004 [Rezension] |
|---|---|
| Verfasser: | |
| In: |
Rocznik Gdański, Heft 18 (2006), Seite 226-228 alle Artikel anzeigen |
| Veröffentlicht: | 2006 |
| Format: | Aufsatz |
| Sprache: | Polnisch |
X
alg: 39509867 001A $01999:12-11-16 001B $01999:04-08-21 $t21:04:42.000 001D $01999:12-11-16 001U $0utf8 001X $00 002@ $0Aox 003@ $039509867X 007A $039509867X $aHEB 007T $0Herda27131h 010@ $apol 011@ $a2006 021A $aPłaza-Opacka, Dagmara. Po słońce i wodę. - Gdańsk : Oficyna Pomorska. - 2004 [Rezension] 028A $aNikczyński $dBartosz 031A $e18 $h226-228 $j2006 039B $aIn $8--Abvc--. Rocznik Gdański. - Gdańsk : Wydawn. Gdańskie, 1927-. - ISSN 0080-3456 $x200600000000018774 $9047550872 039T $8--Aax--Płaza-Opacka, Dagmara. Po słońce i wodę. - Gdańsk : Oficyna Pomorska, 2004. - 152, il $939568837X 045F $a900.9438 $eDDC23BSB 045F/01 $a900 045F/03 $g438 045T $a9,10 $a8 lok: 39509867 78 exp: 39509867 78 1 #EPN 201B/01 $018-11-16 $t13:44:31.000 201U/01 $0utf8 203@/01 $0791397300 208@/01 $a12-11-16 $be 209A/01 $a/ $f000 $x00 220C/01 $aHerkunft: PBB/IH PAN 244Z/01 $2Trx $#Poola $#Lenkija $#Polija $#Polen Land $#Poland $#Lengyelország $#Poľsko $#Polsko $8--Trx--Polska$gkraj $x01 $9391345966 244Z/01 $2Trx $#arvustused $#recenzijos $#Reviews $#recenziók $#recenzje $#recenzie $#recenze $8--Trx--Rezensionen $x02 $9391357441 247C/01 $82080>Marburg/Lahn, Herder-Institut, Forschungsbibliothek, Bibliographieportal $9336309341
| LEADER | 00000caa a22000002c 4500 | ||
|---|---|---|---|
| 001 | 39509867X | ||
| 003 | DE-603 | ||
| 005 | 20210804210442.0 | ||
| 007 | tu | ||
| 008 | 161112s2006 xx |||| | u00||u|pol c | ||
| 035 | |a (DE-599)HEB39509867X | ||
| 040 | |a DE-603 |b ger |c DE-603 |d DE-603 | ||
| 041 | |a pol | ||
| 082 | 0 | 4 | |8 1\u |a 900.9438 |q DE-101 |2 23/BSB |
| 084 | |a 9,10 |a 8 |2 ssgn | ||
| 085 | |8 1\u |b 900 | ||
| 085 | |8 1\u |z 2 |s 438 | ||
| 100 | 1 | |a Nikczyński, Bartosz | |
| 245 | 0 | 0 | |a Płaza-Opacka, Dagmara. Po słońce i wodę. - Gdańsk : Oficyna Pomorska. - 2004 [Rezension] |
| 264 | 0 | |c 2006 | |
| 773 | 0 | 8 | |i In |t Rocznik Gdański |d Gdańsk : Wydawn. Gdańskie, 1927- |x 0080-3456 |g Heft 18 (2006), Seite 226-228 |w (DE-603)047550872 |w (DE-600)400807-8 |
| 787 | 0 | 8 | |i Rezension von |a Płaza-Opacka, Dagmara |t Po słońce i wodę |d Gdańsk : Oficyna Pomorska, 2004 |h 152, il |w (DE-603)39568837X |
| 924 | 0 | |9 2080 |a (DE-603)791397300 |b DE-2080 |c HES |d d |g / | |


